| 000 | 00772nam a22002417a 4500 | ||
|---|---|---|---|
| 005 | 20170124110231.0 | ||
| 010 | _aB-080005 | ||
| 020 |
_c00.00 _a8176294195 |
||
| 035 | _aB-080005 | ||
| 037 | _bCen Lib/Ret | ||
| 040 |
_aDPL _bEN |
||
| 082 |
_a616.97 _bGUI |
||
| 245 |
_aGuide to allergies and their cure : _cedited by R. Kumar [and] Meenal Kumar _bprevention and treatment / |
||
| 260 |
_aNew Delhi _bDeep & Deep Publications _c2003 |
||
| 270 |
_bNew Delhi _e110027 _aF-159,Rajouri Garden |
||
| 300 |
_axvii, 246p. _c21cm(Hb) |
||
| 500 | _aIncludes index | ||
| 650 |
_aAllergy -- Prevention _941277 |
||
| 650 |
_aAllergic -- Skin Rashes _941278 |
||
| 700 |
_aR.Kumar _941279 |
||
| 700 |
_aMeenal Kumar _941280 |
||
| 942 |
_2ddc _cEN _h616.97 _mGUI |
||
| 999 |
_c134637 _d134637 |
||